Capital in the twenty-first century (Record no. 43146)

MARC details
000 -LEADER
fixed length control field 00463nam a2200169Ia 4500
020 ## - INTERNATIONAL STANDARD BOOK NUMBER
ISBN 9780674430006
082 ## - DEWEY DECIMAL CLASSIFICATION NUMBER
Classification number 330.564
Item number PIK
100 ## - MAIN ENTRY--AUTHOR NAME
Personal name PIKETTY, Thomas
245 #0 - TITLE STATEMENT
Title Capital in the twenty-first century
260 ## - PUBLICATION, DISTRIBUTION, ETC. (IMPRINT)
Place of publication The Belknap Press of Harvard University Press
Name of publisher England
Year of publication 2014
650 ## - SUBJECT ADDED ENTRY--TOPICAL TERM
Topical Term Capital
650 ## - SUBJECT ADDED ENTRY--TOPICAL TERM
Topical Term Income distribution
650 ## - SUBJECT ADDED ENTRY--TOPICAL TERM
Topical Term Labour economics
650 ## - SUBJECT ADDED ENTRY--TOPICAL TERM
Topical Term Wealth
942 ## - ADDED ENTRY ELEMENTS (KOHA)
Koha item type Books
Holdings
Withdrawn status Lost status Damaged status Not for loan Home library Current library Date acquired Cost, normal purchase price Full call number Accession Number Koha item type
        RRII Library RRII Library 16/12/2021 1495.00 330.564 PIK 23412 Books